书目信息 |
| 题名: |
朱德的故事
|
|
| 作者: | 刘学民 主编 | |
| 分册: | ||
| 出版信息: | 成都 天地出版社 2006.01 |
|
| 页数: | 198页 | |
| 开本: | 21cm | |
| 丛书名: | 中国农村文库 | |
| 单 册: | ||
| 中图分类: | K827 | |
| 科图分类: | ||
| 主题词: | ||
| 电子资源: | ||
| ISBN: | 7-80726-183-8 | |
| 000 | 00811nam 2200241 450 | |
| 001 | 012007855983 | |
| 005 | 20070509100455.70 | |
| 010 | @a7-80726-183-8@dCNY7.50 | |
| 100 | @a20070409d2006 km y0chiy0120 ea | |
| 101 | 0 | @achi |
| 102 | @aCN@b510000 | |
| 105 | @ay z 000yb | |
| 200 | 1 | @a朱德的故事@Azhu de de gu shi@f刘学民主编@Fliu xue min zhu bian |
| 210 | @a成都@c天地出版社@d2006.01 | |
| 215 | @a198页@d21cm | |
| 225 | 2 | @a中国农村文库@Azhong guo nong cun wen ku |
| 330 | @a这套农村文库原则是:让农民买的起,看的懂,用的上。本书以有关朱德的小故事,反映了朱德的一生,每个故事都生动活泼、可读性较强。 | |
| 410 | 0 | @12001 @a中国农村文库 |
| 600 | 0 | @a朱德,@Azhu de,@f1886-1976@x生平事迹 |
| 690 | @aK827@v4 | |
| 701 | 0 | @a刘学民@Aliu xue min@4主编 |
| 801 | 0 | @aCN@c20070509 |
| 905 | @a10447@dK827@eZ831 | |
| 朱德的故事/刘学民主编.-成都:天地出版社,2006.01 |
| 198页;21cm.-(中国农村文库) |
| ISBN 7-80726-183-8:CNY7.50 |
| 这套农村文库原则是:让农民买的起,看的懂,用的上。本书以有关朱德的小故事,反映了朱德的一生,每个故事都生动活泼、可读性较强。 |
| ● |
| 相关链接 |
|
|
|
正题名:朱德的故事
索取号:K827/Z831
 
预约/预借
| 序号 | 登录号 | 条形码 | 馆藏地/架位号 | 状态 | 备注 |
| 1 | 240203 | 202402033 | 社科库309/309社科库 57排5列3层/ [索取号:K827/Z831] | 在馆 | |
| 2 | 240204 | 202402042 | 社科库309/309社科库 57排5列3层/ [索取号:K827/Z831] | 在馆 | |
| 3 | 240205 | 202402051 | 社科库309/309社科库 57排5列3层/ [索取号:K827/Z831] | 在馆 |